[Event "Linares Open"]
[Site "Linares ESP"]
[Date "1995.??.??"]
[Round "?"]
[White "Stefansson, Hannes H"]
[Black "Gelpke, Peter"]
[Result "1-0"]
[WhiteElo "2530"]
[BlackElo "2420"]
[PlyCount "167"]
[EventDate "1995.01.??"]
[Source "www.chesslib.no"]
[SourceDate "2004.05.04"]

1. c4 g6 2. Nc3 Bg7 3. g3 d6 4. Bg2 c6 5. e4 e5 6. Nge2 Be6 7. b3 Ne7 8. d4 O-O 9. O-O Qa5 10. Be3 Na6 11. Qd2 Rae8 12. Rad1 exd4 13. Nxd4 Nc8 14. f4 f5 15. Bf2 Kh8 16. Rfe1 Bd7 17. exf5 gxf5 18. Rxe8 Rxe8 19. Qc2 Rf8 20. Bh3 Nc7 21. Ne4 c5 22. Ne2 Bc6 23. Nxd6 Nxd6 24. Rxd6 Ne8 25. Rd1 Be4 26. Qd2 Qxd2 27. Rxd2 b6 28. Bg2 Bxg2 29. Kxg2 Kg8 30. Rd3 Rf7 31. Nc3 Bxc3 32. Rxc3 Rd7 33. Be3 Kf7 34. Kf3 Nf6 35. Ke2 Ke6 36. Rd3 Rxd3 37. Kxd3 h5 38. Ke2 a5 39. Bc1 Ng4 40. h3 Nf6 41. Bb2 Ne4 42. Be5 Nxg3+ 43. Kf3 Ne4 44. Bc7 a4 45. Bxb6 axb3 46. axb3 Nd2+ 47. Kg3 Kf7 48. Kh4 Kg6 49. Bxc5 Nxb3 50. Bb4 Nd4 51. Bc3 Nc6 52. Kg3 Kf7 53. Kf3 Ke6 54. Ke3 Ne7 55. Kd4 Ng6 56. Bd2 Kd6 57. c5+ Ke6 58. Kc4 Ne7 59. Kb5 Kd7 60. Bc3 Nc6 61. Bf6 Na7+ 62. Ka6 Nc6 63. Kb6 Nb4 64. c6+ Nxc6 65. Kc5 Kc7 66. Kd5 Kd7 67. Bh4 Nb4+ 68. Ke5 Ke8 69. Kxf5 Kf7 70. Kg5 Nd5 71. Bf2 Ke6 72. Bc5 Kf7 73. Bd4 Ke6 74. f5+ Kf7 75. Kxh5 Ne7 76. Kg5 Nc6 77. Bf6 Nb8 78. Bd4 Nd7 79. h4 Nf8 80. h5 Nh7+ 81. Kf4 Ke7 82. Kg4 Kf7 83. h6 Nf8 84. Kh5 1-0

[Event "Duesseldorf"]
[Site "?"]
[Date "2004.12.30"]
[Round "6.2"]
[White "Miezis Normunds"]
[Black "De Gleria Francesco"]
[Result "1-0"]
[WhiteElo "2524"]
[BlackElo "2420"]
[PlyCount "101"]
[EventDate "2004.??.??"]
[Source "www.chesslib.no"]
[SourceDate "2004.05.04"]

1. c4 g6 2. Nc3 Bg7 3. g3 d6 4. Bg2 Nc6 5. e4 Nd4 6. h3 c5 7. Nge2 e6 8. O-O Ne7 9. Rb1 Nec6 10. d3 O-O 11. a3 b6 12. b4 Bb7 13. b5 Nxe2+ 14. Nxe2 Nd4 15. Nxd4 Bxd4 16. Bh6 Re8 17. Kh2 Qe7 18. f4 f5 19. Re1 Qf7 20. Qd2 Rad8 21. Re2 Kh8 22. Rbe1 fxe4 23. Bxe4 Bxe4 24. dxe4 a6 25. a4 axb5 26. axb5 Ra8 27. Qd3 Re7 28. e5 dxe5 29. fxe5 Rea7 30. Kg2 Ra1 31. Qf3 Qxf3+ 32. Kxf3 R1a3+ 33. Kg2 Rc3 34. Rf1 Rxc4 35. h4 Rb4 36. Re4 Rb2+ 37. Kf3 Ra3+ 38. Kg4 Bf2 39. Kg5 Rxg3+ 40. Kf6 Rf3+ 41. Kxe6 Ra2 42. Kd5 Ra8 43. Kc6 Rf7 44. Bg5 Rc8+ 45. Kd5 Kg8 46. e6 Rf5+ 47. Re5 Rxe5+ 48. Kxe5 Bg3+ 49. Kd5 c4 50. e7 Kg7 51. Ke6 1-0

[Event "FRA-chT2 0203 Sud"]
[Site "FRA"]
[Date "2002.10.13"]
[Round "1.1"]
[White "Foisor, Ovidiu"]
[Black "De La Riva Aguado, Oscar"]
[Result "1/2-1/2"]
[WhiteElo "2422"]
[BlackElo "2522"]
[PlyCount "54"]
[EventDate "2002.10.??"]
[Source "Roberto Alvarez"]
[SourceDate "2003.03.03"]

1. c4 g6 2. g3 Bg7 3. Bg2 d6 4. Nc3 f5 5. e3 Nf6 6. Nge2 O-O 7. b3 Na6 8. Bb2 c6 9. d3 e5 10. Qd2 Be6 11. O-O Rb8 12. Rad1 Bf7 13. e4 d5 14. cxd5 cxd5 15. exf5 gxf5 16. d4 e4 17. Qg5 Qd7 18. Bh3 Ng4 19. f3 h6 20. Qc1 exf3 21. Rxf3 Nb4 22. Rdf1 Bg6 23. Qd2 Rbc8 24. Nf4 Bf7 25. Ng2 Bg6 26. Nf4 Bf7 27. Ng2 Bg6 1/2-1/2

[Event "Weihnachtsopen Meister"]
[Site "Zurich SUI"]
[Date "2007.12.27"]
[Round "2"]
[White "Knoedler, D."]
[Black "Shengelia, D."]
[Result "1/2-1/2"]
[WhiteElo "2371"]
[BlackElo "2569"]
[PlyCount "62"]
[EventDate "2007.12.26"]
[Source "www.chesslib.no"]
[SourceDate "2004.05.04"]

1. c4 g6 2. g3 d5 3. Bg2 d4 4. b4 e5 5. Bb2 c5 6. bxc5 Ne7 7. Nf3 Bg7 8. d3 Na6 9. O-O Nxc5 10. Ba3 Qc7 11. Nbd2 O-O 12. Rb1 Rb8 13. Rb5 b6 14. Bxc5 bxc5 15. Rxb8 Qxb8 16. Qa4 Qc7 17. Rb1 Rd8 18. Qa3 Bf8 19. Ne4 Nc6 20. Nf6+ Kg7 21. Nd5 Qd6 22. Nd2 f5 23. Rb5 Rd7 24. Nb3 Rb7 25. Qa4 Qb8 26. Rxc5 Bxc5 27. Qxc6 Be7 28. h4 Bd7 29. Qa6 Bc8 30. Qc6 Bd7 31. Qa6 Bc8 1/2-1/2

[Event "JUG Ch"]
[Site "Umag CRO"]
[Date "1972.??.??"]
[Round "6"]
[White "Nemet, Ivan"]
[Black "Matulovic, Milan"]
[Result "0-1"]
[WhiteElo "2415"]
[BlackElo "2525"]
[PlyCount "48"]
[EventDate "1972.??.??"]
[Source "www.chesslib.no"]
[SourceDate "2004.05.04"]

1. c4 g6 2. Nf3 Bg7 3. d4 f5 4. Nc3 Nf6 5. Qc2 O-O 6. e4 fxe4 7. Nxe4 Nxe4 8. Qxe4 d6 9. Be2 Nc6 10. O-O Bf5 11. Qh4 e5 12. Bg5 Qd7 13. dxe5 Nxe5 14. Rae1 Rae8 15. Nd4 Bd3 16. b3 Bxe2 17. Rxe2 c5 18. f4 Nf7 19. Be7 Bxd4+ 20. Kh1 Nd8 21. Bxf8 Rxe2 22. f5 Nf7 23. f6 Qc6 24. Qg4 Qe4 0-1

[Event "Capablanca mem-A 13th"]
[Site "Cienfuegos"]
[Date "1976.05.21"]
[Round "5"]
[White "Garcia Gonzales, Guillermo"]
[Black "Honfi, Karoly"]
[Result "1-0"]
[WhiteElo "2475"]
[BlackElo "2460"]
[PlyCount "57"]
[EventDate "1976.05.17"]
[Source "www.chesslib.no"]
[SourceDate "2004.05.04"]

1. c4 g6 2. Nc3 Bg7 3. Nf3 c5 4. a3 Nc6 5. g3 d6 6. Bg2 Bd7 7. Rb1 Rc8 8. O-O f5 9. b4 b6 10. e3 e5 11. Nb5 Be6 12. bxc5 dxc5 13. Qa4 Kf8 14. d4 cxd4 15. exd4 Nxd4 16. Nbxd4 exd4 17. Re1 Bxc4 18. Qxa7 Nf6 19. Ne5 Ne4 20. Nxc4 Rxc4 21. Rxb6 d3 22. Rb8 Rc8 23. Rxc8 Qxc8 24. Bxe4 fxe4 25. Bd2 h5 26. Rc1 Qe8 27. Qb7 Bf6 28. Rc8 Bd8 29. Qd5 1-0

[Event "Open ch-NOR"]
[Site "Oslo"]
[Date "2004.04.10"]
[Round "8"]
[White "Miezis, Normunds"]
[Black "Wohl, Aleksandar H"]
[Result "1-0"]
[WhiteElo "2530"]
[BlackElo "2399"]
[PlyCount "68"]
[EventDate "2004.04.03"]
[Source "Roberto Alvarez"]
[SourceDate "2004.04.19"]

1. c4 g6 2. Nc3 Bg7 3. g3 d6 4. Bg2 Nc6 5. e4 a6 6. Nge2 Rb8 7. d4 Bd7 8. Be3 Nf6 9. h3 O-O 10. f4 b5 11. e5 Ne8 12. cxb5 axb5 13. Rc1 Na5 14. b3 c5 15. dxc5 dxe5 16. O-O b4 17. Nd5 Bb5 18. Rc2 Nc6 19. fxe5 Nc7 20. Nb6 Nxe5 21. Rd2 Qe8 22. Rf4 Bc6 23. Qf1 Bh6 24. Nd4 Bxg2 25. Qxg2 Nb5 26. Re4 Bg7 27. Rxe5 Bxe5 28. Nc6 Bc3 29. Rd1 e5 30. Nd7 Rc8 31. Nf6+ Kg7 32. Nxe8+ Rfxe8 33. Rd7 Re6 34. Qf1 Rf6 1-0

[Event "Sachsen"]
[Site "?"]
[Date "1998.??.??"]
[Round "4"]
[White "Uhlmann Wolfgang"]
[Black "Joachim Sven"]
[Result "1/2-1/2"]
[WhiteElo "2495"]
[BlackElo "2420"]
[PlyCount "90"]
[EventDate "1998.??.??"]
[Source "www.chesslib.no"]
[SourceDate "2004.05.04"]

1. c4 g6 2. e4 e5 3. Nf3 Bg7 4. d4 exd4 5. Nxd4 Nc6 6. Nxc6 bxc6 7. Be2 d6 8. Nc3 Nf6 9. Bf3 O-O 10. O-O Nd7 11. Bf4 Ne5 12. c5 Rb8 13. Rb1 Qf6 14. Bxe5 Qxe5 15. cxd6 cxd6 16. Qa4 Qc5 17. Rbc1 Rb4 18. Qa3 Rc4 19. Qxc5 Rxc5 20. Na4 Rxc1 21. Rxc1 Bd7 22. Rd1 Be5 23. Nc5 dxc5 24. Rxd7 Rb8 25. b3 c4 26. Bd1 a5 27. g3 c5 28. Kf1 Bd4 29. f4 a4 30. bxc4 Rb1 31. Ke1 Ra1 32. Ra7 Rxa2 33. Bxa4 Bg1 34. Ra8+ Kg7 35. Bc6 Rxa8 36. Bxa8 f6 37. Kf1 Bd4 38. Kg2 h6 39. Kf3 g5 40. Bc6 gxf4 41. gxf4 Kf7 42. Kg4 Be3 43. Kf5 Ke7 44. h3 Bd2 45. Bd5 Be3 1/2-1/2

[Event "Canberra"]
[Site "Canberra AUS"]
[Date "1995.??.??"]
[Round "1"]
[White "Saroinsong, H."]
[Black "Reilly, Tim"]
[Result "0-1"]
[WhiteElo "2560"]
[BlackElo "2350"]
[PlyCount "94"]
[EventDate "1995.??.??"]
[Source "www.chesslib.no"]
[SourceDate "2004.05.04"]

1. c4 g6 2. g3 Bg7 3. Bg2 f5 4. Nc3 Nf6 5. e3 O-O 6. Nge2 e5 7. d3 d6 8. Rb1 a5 9. a3 Nc6 10. b4 axb4 11. axb4 g5 12. O-O Kh8 13. b5 Ne7 14. Nd5 Nfxd5 15. cxd5 Ng6 16. f4 Bd7 17. Bd2 gxf4 18. exf4 Rg8 19. Qc2 Rc8 20. Rb4 Qe8 21. Rfb1 c5 22. dxc6 bxc6 23. bxc6 Bxc6 24. Bxc6 Rxc6 25. Rc4 Rxc4 26. Qxc4 Qa8 27. Kf2 d5 28. Qb4 d4 29. Qb6 e4 30. Nxd4 Qd5 31. Be3 exd3 32. Qe6 Qc5 33. Qxf5 Qc4 34. Qb5 Qa2+ 35. Rb2 Qa1 36. Rb1 Qa2+ 37. Qb2 Qd5 38. Qb3 Qh5 39. Nf3 Rf8 40. Qxd3 Ne5 41. Qe2 Ng4+ 42. Kf1 Re8 43. Rb3 Qd5 44. Rd3 Qe4 45. Ne5 Bxe5 46. fxe5 Qh1+ 47. Bg1 Rf8+ 0-1

[Event "Peer Gynt"]
[Site "Gausdal NOR"]
[Date "1992.??.??"]
[Round "9"]
[White "Brestian, Egon"]
[Black "Davies, Nigel R"]
[Result "1/2-1/2"]
[WhiteElo "2450"]
[BlackElo "2460"]
[PlyCount "124"]
[EventDate "1992.07.??"]
[Source "www.chesslib.no"]
[SourceDate "2004.05.04"]

1. c4 g6 2. Nf3 Bg7 3. g3 e5 4. Nc3 Nc6 5. Bg2 d6 6. Rb1 f5 7. d3 Nf6 8. b4 h6 9. O-O O-O 10. b5 Ne7 11. a4 g5 12. c5 Ng6 13. cxd6 cxd6 14. Ba3 Be6 15. Nd2 Rf7 16. Nb3 Rc8 17. Bb4 Rfc7 18. Qd2 d5 19. d4 e4 20. a5 b6 21. axb6 axb6 22. Rfc1 Qd7 23. Ba3 Rc4 24. Nd1 f4 25. Rxc4 Rxc4 26. Nc5 bxc5 27. dxc5 Ne8 28. c6 Qc8 29. Bb2 Bf8 30. Bd4 Qb8 31. e3 Rxc6 32. Qa2 Rc4 33. Nb2 Rxd4 34. exd4 f3 35. Bf1 Bd6 36. Na4 e3 37. Nc5 Bg4 38. Qxd5+ Kh8 39. Qe4 exf2+ 40. Kh1 Bh5 41. Ra1 Nf6 42. Qa8 Qxa8 43. Rxa8+ Kg7 44. b6 Ne7 45. Rd8 Nf5 46. b7 Bxg3 47. b8=Q Bxb8 48. Rxb8 g4 49. Ne6+ Kf7 50. Nf4 g3 51. Rb1 Bg4 52. hxg3 Nxg3+ 53. Kh2 Nge4 54. Nd3 Bf5 55. Ne5+ Ke7 56. Nxf3 Ng4+ 57. Kg2 Ne3+ 58. Kh2 Bg4 59. Ne5 Bd1 60. Bd3 f1=Q 61. Bxf1 Nxf1+ 62. Kg1 Ne3 1/2-1/2

[Event "TCh-BEL 2002-3"]
[Site "Belgium"]
[Date "2003.02.09"]
[Round "8"]
[White "Kocsis, Levente"]
[Black "Horvath, Csaba"]
[Result "0-1"]
[WhiteElo "2402"]
[BlackElo "2506"]
[PlyCount "52"]
[EventDate "2002.10.06"]
[Source "Roberto Alvarez"]
[SourceDate "2003.02.24"]

1. c4 g6 2. Nf3 Bg7 3. e4 e5 4. Nc3 Nc6 5. d3 d6 6. Be2 Nge7 7. h4 h6 8. Nd5 Nxd5 9. cxd5 Ne7 10. Be3 f5 11. Qa4+ Bd7 12. Qb3 c6 13. Qxb7 cxd5 14. exd5 O-O 15. Rc1 Rb8 16. Qxa7 Nxd5 17. Bd1 Rf7 18. Bb3 Rxb3 19. axb3 Bb5 20. Qa3 Bxd3 21. Rc6 Bf8 22. b4 e4 23. Nd4 Qf6 24. g3 f4 25. gxf4 Nxf4 26. Rg1 Nd5 0-1

[Event "Asuncion FEB"]
[Site "Asuncion PAR"]
[Date "1985.??.??"]
[Round "10"]
[White "Van Riemsdijk, Herman C"]
[Black "Panno, Oscar R"]
[Result "0-1"]
[WhiteElo "2390"]
[BlackElo "2515"]
[PlyCount "78"]
[EventDate "1985.??.??"]
[Source "www.chesslib.no"]
[SourceDate "2004.05.04"]

1. c4 g6 2. Nf3 Bg7 3. g3 c5 4. Bg2 Nc6 5. O-O Nh6 6. Nc3 Nf5 7. Rb1 b6 8. a3 Bb7 9. b4 d6 10. e4 Nfd4 11. Nxd4 cxd4 12. Na2 a6 13. d3 b5 14. Qb3 O-O 15. f4 Rc8 16. cxb5 axb5 17. a4 bxa4 18. Qxa4 Ra8 19. Qc2 Na7 20. Bd2 Nb5 21. Qb2 Ra3 22. Ra1 Rxd3 23. Nc1 Rc3 24. Bxc3 dxc3 25. Qc2 Qb6+ 26. Kh1 Nd4 27. Qd3 Bc6 28. Re1 Qxb4 29. Na2 Qc5 30. Nxc3 Nb3 31. Na4 Qb4 32. Reb1 Bxa1 33. Qxb3 Qxb3 34. Rxb3 Ra8 35. Nb6 Rb8 36. Rb4 Bc3 37. Rc4 Rxb6 38. Rxc3 Rb1+ 39. Bf1 Bb5 0-1

[Event "Smederevska Palanka"]
[Site "Smederevska Palanka"]
[Date "1984.??.??"]
[Round "?"]
[White "Cabrilo, Goran"]
[Black "Jansa, Vlastimil"]
[Result "0-1"]
[WhiteElo "2430"]
[BlackElo "2475"]
[PlyCount "132"]
[EventDate "1984.05.??"]
[Source "ChessBase"]

1. c4 g6 2. e4 e5 3. Nf3 Bg7 4. d4 exd4 5. Nxd4 Nf6 6. Nc3 O-O 7. Be2 Re8 8. f3 c6 9. Bg5 h6 10. Bh4 d5 11. exd5 cxd5 12. O-O Nc6 13. Bf2 Nxd4 14. Bxd4 dxc4 15. Bxc4 a6 16. a4 Bf5 17. Kh1 Rc8 18. Bb3 Rc6 19. Rf2 Rd6 20. Rd2 Qd7 21. Be3 Rxd2 22. Qxd2 Qxd2 23. Bxd2 Be6 24. Bxe6 Rxe6 25. a5 Nd7 26. Kg1 Nc5 27. Ra3 Rd6 28. Be3 Bd4 29. Bxd4 Rxd4 30. Kf1 Rb4 31. Nd1 Rb3 32. Ra1 Rb5 33. Ke2 Nb3 34. Ra4 Nxa5 35. Kd3 Nc6 36. Kc3 Re5 37. Re4 Kf8 38. Rxe5 Nxe5 39. Kd4 Nd7 40. Kd5 Ke7 41. Nc3 Nb6+ 42. Ke5 Nd7+ 43. Kd5 Nf6+ 44. Ke5 Ne8 45. Nd5+ Kd7 46. g4 a5 47. h4 b5 48. h5 gxh5 49. gxh5 b4 50. Ne3 a4 51. Kd4 Nf6 52. Nf5 Ng8 53. Ne3 a3 54. bxa3 bxa3 55. Kc3 Ke6 56. f4 Kd6 57. Kb3 Kc5 58. Kxa3 f6 59. Nf5 Kd5 60. Kb4 Ke4 61. Ng7 Kxf4 62. Kc4 Ke5 63. Kd3 Ne7 64. Ke2 Nd5 65. Kf3 f5 66. Kg3 Nc7 0-1

[Event "Graz"]
[Site "Graz"]
[Date "1991.??.??"]
[Round "4"]
[White "Uhlmann, Wolfgang"]
[Black "Hoelzl, Franz"]
[Result "1-0"]
[WhiteElo "2510"]
[BlackElo "2390"]
[PlyCount "65"]
[EventDate "1991.03.??"]
[Source "www.chesslib.no"]
[SourceDate "2004.05.04"]

1. c4 g6 2. e4 c5 3. Nf3 Qa5 4. Nc3 Bg7 5. d4 d6 6. d5 Bxc3+ 7. bxc3 Nf6 8. Nd2 Qxc3 9. Rb1 Nxe4 10. Rb3 Qd4 11. Nxe4 Qxe4+ 12. Re3 Qg4 13. Qb3 f6 14. h4 Kf7 15. h5 g5 16. h6 b5 17. Be2 bxc4 18. Rxe7+ Kxe7 19. Qe3+ Kf7 20. Bxg4 Bxg4 21. Qg3 Re8+ 22. Be3 Bf5 23. Qxd6 Nd7 24. O-O c3 25. Rc1 Nb6 26. Rxc3 Rad8 27. Qg3 Nxd5 28. Rxc5 Kg6 29. Bd2 Rd7 30. Rc6 Be6 31. f4 Nb6 32. fxg5 Kf7 33. Qf3 1-0

[Event "Buenos Aires ol (Men)"]
[Site "Buenos Aires"]
[Date "1978.??.??"]
[Round "?"]
[White "Petursson, Margeir"]
[Black "Sax, Gyula"]
[Result "1/2-1/2"]
[WhiteElo "2350"]
[BlackElo "2550"]
[PlyCount "31"]
[EventDate "1978.10.??"]
[Source "www.chesslib.no"]
[SourceDate "2004.05.04"]

1. c4 g6 2. e4 e5 3. Nf3 Bg7 4. d4 exd4 5. Nxd4 Nf6 6. Nc3 O-O 7. Be2 Re8 8. f3 c6 9. Bg5 h6 10. Bh4 d5 11. exd5 cxd5 12. O-O Nc6 13. Nxc6 bxc6 14. Bf2 Be6 15. Re1 Qe7 16. Qa4 1/2-1/2

[Event "FRA Ch Top 16 Poule Basse"]
[Site "?"]
[Date "2005.05.06"]
[Round "10"]
[White "Adla Diego"]
[Black "Moldovan Daniel"]
[Result "0-1"]
[WhiteElo "2485"]
[BlackElo "2409"]
[PlyCount "84"]
[EventDate "2005.??.??"]
[Source "www.chesslib.no"]
[SourceDate "2004.05.04"]

1. c4 g6 2. Nf3 Bg7 3. g3 c5 4. d4 cxd4 5. Nxd4 Nc6 6. Nc2 d6 7. Bg2 h5 8. h3 Be6 9. Ne3 Rc8 10. Nd2 Nf6 11. Rb1 d5 12. O-O d4 13. Nc2 Qd7 14. h4 Bf5 15. b4 O-O 16. Rb3 Rfd8 17. Ne1 e5 18. Nd3 e4 19. Nc5 Qe7 20. Ba3 b6 21. Ncxe4 Nxe4 22. b5 Qe6 23. bxc6 Nc3 24. Qe1 Nxe2+ 25. Kh2 d3 26. c5 Rxc6 27. Bxc6 Qxc6 28. cxb6 axb6 29. Bb2 Bxb2 30. Rxb2 Bc8 31. f4 Qe6 32. f5 gxf5 33. Rf3 Bb7 34. Qf2 Bxf3 35. Nxf3 f4 36. gxf4 Nxf4 37. Qg3+ Ng6 38. Rg2 Qd6 39. Qxd6 Rxd6 40. Kg3 f6 41. Kf2 Kf7 42. Ke3 Ne5 0-1

[Event "POL Team Ch"]
[Site "Lubniewice POL"]
[Date "1995.??.??"]
[Round "4"]
[White "Staniszewski, Piotr"]
[Black "Schmidt, Wlodzimierz"]
[Result "1/2-1/2"]
[WhiteElo "2415"]
[BlackElo "2475"]
[PlyCount "78"]
[EventDate "1995.??.??"]
[Source "www.chesslib.no"]
[SourceDate "2004.05.04"]

1. c4 g6 2. g3 c5 3. d4 cxd4 4. Qxd4 Nf6 5. Bg2 Nc6 6. Qd2 Bg7 7. Nc3 O-O 8. e4 d6 9. Nge2 a6 10. O-O Ne5 11. b3 Bh3 12. Nd4 Bxg2 13. Kxg2 Nc6 14. Bb2 Qa5 15. Rfd1 Rfc8 16. Nxc6 bxc6 17. Re1 Nd7 18. Rad1 Nc5 19. Re2 Qb4 20. Nd5 Qb7 21. Nf4 Bxb2 22. Qxb2 Nd7 23. Nd3 d5 24. exd5 cxd5 25. cxd5 Qxd5+ 26. f3 Nc5 27. Nf2 Qb7 28. Ng4 f6 29. b4 Rab8 30. Qc3 Qxb4 31. Qxb4 Rxb4 32. Rxe7 Rb2+ 33. Kh3 Rb6 34. Rd5 Rbc6 35. Nh6+ Kh8 36. Nf7+ Kg8 37. Nh6+ Kh8 38. Nf7+ Kg8 39. Nh6+ Kh8 1/2-1/2

[Event "Minsk"]
[Site "Minsk"]
[Date "1995.??.??"]
[Round "10"]
[White "Drogoon, A."]
[Black "Kovalev, Andrei"]
[Result "1-0"]
[WhiteElo "2340"]
[BlackElo "2545"]
[PlyCount "81"]
[EventDate "1995.??.??"]
[Source "ChessBase"]

1. c4 g6 2. Nf3 Bg7 3. g3 d6 4. Bg2 e5 5. d4 e4 6. Nfd2 f5 7. Nc3 Nc6 8. e3 Nf6 9. b4 O-O 10. Rb1 a5 11. a3 axb4 12. axb4 Ne7 13. b5 d5 14. O-O Be6 15. cxd5 Nexd5 16. Qc2 Kh8 17. Nxd5 Nxd5 18. Nc4 Qe7 19. Bd2 Bg8 20. Rfc1 g5 21. Ne5 Rf6 22. g4 Raf8 23. Be1 f4 24. Qxe4 fxe3 25. fxe3 Qa3 26. Nc4 Qa4 27. Bg3 Nf4 28. exf4 gxf4 29. Bh4 Rh6 30. Nb2 Qxb5 31. Nd3 Qa4 32. Bf2 c6 33. Rxb7 Re6 34. Ne5 f3 35. Bf1 Bxe5 36. Qc2 Qa8 37. Rb6 Qd8 38. dxe5 Rg6 39. Rb4 Qe7 40. Bc5 f2+ 41. Qxf2 1-0

[Event "Paris Ch"]
[Site "Paris FRA"]
[Date "1990.??.??"]
[Round "?"]
[White "Pira, Davoud"]
[Black "Rashkovsky, Nukhim N"]
[Result "0-1"]
[WhiteElo "2345"]
[BlackElo "2540"]
[PlyCount "76"]
[EventDate "1990.05.??"]
[Source "www.chesslib.no"]
[SourceDate "2004.05.04"]

1. c4 g6 2. Nc3 Bg7 3. g3 e6 4. d4 d5 5. Nf3 Nc6 6. Bf4 a6 7. cxd5 exd5 8. Bg2 Nge7 9. O-O O-O 10. h3 h6 11. g4 g5 12. Bh2 f5 13. Ne5 Nxe5 14. dxe5 fxg4 15. hxg4 c6 16. Qb3 Kh8 17. Na4 b5 18. Nc5 Ng6 19. Rac1 Bxg4 20. e3 Nh4 21. f4 Nxg2 22. Kxg2 Qe8 23. Rf2 Qh5 24. e4 gxf4 25. Bxf4 Qg6 26. Qg3 dxe4 27. Nd7 Bf3+ 28. Kg1 Qxg3+ 29. Bxg3 Rf5 30. Rfc2 Rd8 31. Rd2 e3 32. Rd3 Rg5 33. Rxe3 Rxg3+ 34. Kf2 Rg6 35. e6 Bg4 36. Rxc6 Re8 37. Ra3 Rgxe6 38. Rxe6 Bxe6 0-1

[Event "FRA Ch"]
[Site "France"]
[Date "1991.??.??"]
[Round "14"]
[White "Anic, Darko"]
[Black "Renet, Olivier"]
[Result "0-1"]
[WhiteElo "2410"]
[BlackElo "2470"]
[PlyCount "78"]
[EventDate "1991.08.??"]
[Source "www.chesslib.no"]
[SourceDate "2004.05.04"]

1. c4 g6 2. Nf3 Bg7 3. g3 e5 4. Nc3 f5 5. e4 fxe4 6. Nxe4 Nf6 7. d3 O-O 8. Bg2 Nc6 9. O-O d6 10. h3 Kh8 11. Bg5 Bf5 12. Re1 Rb8 13. Qd2 Bxe4 14. dxe4 b6 15. b4 Qe8 16. Rac1 Nd7 17. Be3 Qe7 18. a3 Nd8 19. Red1 Ne6 20. Rc2 Rbd8 21. Qd5 Nf6 22. Qc6 Ng8 23. h4 Nh6 24. Nh2 Nf7 25. Rcd2 Bh6 26. Ng4 Bxe3 27. Nxe3 Nd4 28. Rxd4 exd4 29. Nd5 Qe6 30. Nf4 Qg4 31. Qa4 Ne5 32. Bh3 Qf3 33. Bg2 Qc3 34. Nd5 Qb2 35. f4 Ng4 36. Rf1 Rde8 37. Qxa7 Rxe4 38. Qxc7 Re2 39. Bf3 Re7 0-1

[Event "Leuven ASLK"]
[Site "?"]
[Date "1998.??.??"]
[Round "7"]
[White "Claesen Pieter"]
[Black "Schebler Gerhard"]
[Result "1/2-1/2"]
[WhiteElo "2430"]
[BlackElo "2450"]
[PlyCount "125"]
[EventDate "1998.??.??"]
[Source "www.chesslib.no"]
[SourceDate "2004.05.04"]

1. c4 g6 2. Nc3 c5 3. a3 Nc6 4. Rb1 Bg7 5. g3 d6 6. Bg2 Be6 7. Nd5 Rc8 8. b4 Nf6 9. bxc5 dxc5 10. Bb2 Qd7 11. Nxf6+ Bxf6 12. Bxf6 exf6 13. d3 O-O 14. h4 Rc7 15. Nh3 Bxh3 16. Bxh3 f5 17. O-O Re8 18. Bg2 Ne5 19. Qc1 b6 20. Rd1 Ng4 21. e3 Qd6 22. d4 cxd4 23. Rxd4 Qe7 24. Rb5 Rec8 25. a4 Rc5 26. Qa3 R8c7 27. Rxc5 Rxc5 28. a5 Qc7 29. axb6 axb6 30. Qa8+ Kg7 31. Qa1 Nf6 32. Qa4 Ra5 33. Qd1 Qa7 34. Qe2 Ra1+ 35. Rd1 Qa4 36. Rxa1 Qxa1+ 37. Qf1 Qb2 38. Bf3 Nd7 39. Qd1 Ne5 40. Bd5 f6 41. Qd4 Qb4 42. Kg2 h5 43. Qa1 Qa5 44. Qd4 Qa7 45. Qb2 Qc7 46. Qb5 Nd7 47. Qa4 Qd8 48. Be6 Nc5 49. Qa7+ Kh6 50. Bd5 Nd3 51. Qf7 Ne5 52. Qe6 Kg7 53. f4 Ng4 54. Qf7+ Kh6 55. Kf3 Nh2+ 56. Ke2 Ng4 57. Bc6 Qh8 58. Bf3 Qc8 59. Bxg4 hxg4 60. Qxf6 Qxc4+ 61. Kd2 Qd5+ 62. Kc3 Qa5+ 63. Kb3 1/2-1/2

[Event "Santiago zt"]
[Site "?"]
[Date "1987.??.??"]
[Round "10"]
[White "Giardelli Sergio Carlos"]
[Black "Panno Oscar"]
[Result "1/2-1/2"]
[WhiteElo "2360"]
[BlackElo "2515"]
[PlyCount "33"]
[EventDate "1987.??.??"]
[Source "www.chesslib.no"]
[SourceDate "2004.05.04"]

1. c4 g6 2. Nf3 Bg7 3. g3 Nf6 4. Bg2 O-O 5. O-O c6 6. b3 d6 7. d4 e5 8. dxe5 dxe5 9. Ba3 Qxd1 10. Rxd1 Re8 11. Nc3 Na6 12. Rac1 Bh6 13. e3 Bg4 14. h3 Bxf3 15. Bxf3 Bf8 16. Bb2 Bg7 17. Na4 1/2-1/2

[Event "TCh-BEL 2003-4"]
[Site "Belgium"]
[Date "2004.03.23"]
[Round "11"]
[White "Hendriks, Willy"]
[Black "Schebler, Gerhard"]
[Result "1-0"]
[WhiteElo "2395"]
[BlackElo "2480"]
[PlyCount "79"]
[EventDate "2004.01.01"]
[Source "Roberto Alvarez"]
[SourceDate "2004.04.05"]

1. c4 g6 2. g3 Bg7 3. Bg2 d6 4. Nc3 Nc6 5. Rb1 a5 6. e3 Nf6 7. Nge2 Ne5 8. d4 Ned7 9. O-O O-O 10. b3 e5 11. dxe5 Nxe5 12. h3 Re8 13. Nd4 Bd7 14. Re1 Nc6 15. Ndb5 Na7 16. Nxa7 Rxa7 17. Bb2 Bc6 18. Nd5 Ra8 19. Qc2 Nd7 20. Bxg7 Kxg7 21. Qc3+ f6 22. Rbc1 Ne5 23. Red1 Bxd5 24. cxd5 Re7 25. Rc2 Qb8 26. Qd4 b5 27. Rdc1 Ra7 28. h4 Rb7 29. Kh1 h5 30. Bh3 Qa7 31. Qxa7 Rxa7 32. Bf1 b4 33. Kg2 f5 34. Be2 Kf7 35. f4 Ng4 36. Bxg4 hxg4 37. Kf2 Ke8 38. Rc4 Kd7 39. R1c2 Rb7 40. Ke2 1-0

[Event "Hastings Open 9495"]
[Site "Hastings ENG"]
[Date "1994.??.??"]
[Round "?"]
[White "McNab, Colin Anderson"]
[Black "Crouch, Colin S"]
[Result "1-0"]
[WhiteElo "2465"]
[BlackElo "2410"]
[PlyCount "45"]
[EventDate "1994.12.??"]
[Source "www.chesslib.no"]
[SourceDate "2004.05.04"]

1. c4 g6 2. g3 Bg7 3. Bg2 d6 4. d4 e5 5. dxe5 dxe5 6. Qxd8+ Kxd8 7. Nc3 Nd7 8. Nh3 h6 9. O-O c6 10. b3 Ne7 11. Bb2 Nc5 12. Rad1+ Kc7 13. f4 Be6 14. fxe5 Nd7 15. Nd5+ cxd5 16. cxd5 Nxd5 17. Bxd5 Bxh3 18. Rxf7 Rhg8 19. e6 Bxb2 20. Rxd7+ Kb6 21. Rxb7+ Ka6 22. e7 Rg7 23. Rb4 1-0

[Event "JUG Ch"]
[Site "Banja Vrucica YUG"]
[Date "1991.??.??"]
[Round "?"]
[White "Sinanovic, Muhamed"]
[Black "Bogdanovski, Vlatko"]
[Result "1-0"]
[WhiteElo "2435"]
[BlackElo "2440"]
[PlyCount "89"]
[EventDate "1991.12.??"]
[Source "www.chesslib.no"]
[SourceDate "2004.05.04"]

1. c4 g6 2. g3 Bg7 3. Bg2 c5 4. Nf3 Nc6 5. O-O d6 6. Nc3 Bd7 7. d3 Nf6 8. Rb1 Qc8 9. Re1 Bh3 10. Bh1 O-O 11. a3 h6 12. b4 Rb8 13. Qa4 a6 14. bxc5 dxc5 15. Bf4 Nh5 16. Bd2 Rd8 17. Rb6 Nf6 18. Reb1 Nd7 19. R6b3 Be6 20. R3b2 g5 21. h4 b5 22. cxb5 axb5 23. Rxb5 Ra8 24. Qd1 g4 25. Ne1 Nd4 26. Bb7 Qb8 27. Bxa8 Qxa8 28. Rb7 c4 29. R7b4 Ne5 30. Nb5 Nxb5 31. Rxb5 cxd3 32. Nxd3 Nxd3 33. exd3 Qxa3 34. Rb8 Rxb8 35. Rxb8+ Kh7 36. Rd8 Bf5 37. Qc1 Qa6 38. Qc4 Qa1+ 39. Kh2 e6 40. Be3 Qf6 41. Rd7 Qg6 42. Qc7 e5 43. Rxf7 Kg8 44. Re7 Bxd3 45. Qb8+ 1-0

[Event "Malmo Schacknytt"]
[Site "Malmo SWE"]
[Date "1979.12.04"]
[Round "8"]
[White "Kaiszauri, Konstanty"]
[Black "Westerinen, Heikki M J"]
[Result "1-0"]
[WhiteElo "2405"]
[BlackElo "2465"]
[PlyCount "59"]
[EventDate "1979.11.26"]
[Source "www.chesslib.no"]
[SourceDate "2004.05.04"]

1. c4 g6 2. Nc3 Bg7 3. g3 Nc6 4. Bg2 a6 5. Nf3 Rb8 6. O-O b5 7. d4 bxc4 8. d5 Ne5 9. Nxe5 Bxe5 10. Qa4 Bg7 11. Qxc4 Nf6 12. b3 O-O 13. Bb2 Bb7 14. Rac1 d6 15. Na4 Rc8 16. Rc2 Qd7 17. Rfc1 Bh6 18. e3 Qf5 19. Bxf6 Qxf6 20. Qb4 Ba8 21. Nb6 Rb8 22. Rxc7 Qf5 23. Qa5 Rfe8 24. Qxa6 Bg7 25. Ra7 Bb2 26. Rf1 Kg7 27. Nxa8 Rec8 28. Nb6 Rc2 29. Rxe7 Bc3 30. Be4 1-0